UBT Library

EVOLUTION FROM MOLECULES TO MEN (Record no. 60597)

000 -LEADER
fixed length control field 00334nam a22001457a 4500
008 - FIXED-LENGTH DATA ELEMENTS--GENERAL INFORMATION
fixed length control field 240318b ||||| |||| 00| 0 eng d
020 ## - INTERNATIONAL STANDARD BOOK NUMBER
International Standard Book Number 0521247535
041 ## - LANGUAGE CODE
Language code of text/sound track or separate title eng
080 ## - UNIVERSAL DECIMAL CLASSIFICATION NUMBER
Edition identifier 1983
Universal Decimal Classification number 101
082 ## - DEWEY DECIMAL CLASSIFICATION NUMBER
Classification number 101BEN
100 ## - Rafti
Rafti 44
101 ## - Shkurtesa
Shkurtesa FILOZOFI
245 ## - TITLE STATEMENT
Title EVOLUTION FROM MOLECULES TO MEN
Statement of responsibility, etc D.S.BENDALL
942 ## - ADDED ENTRY ELEMENTS (KOHA)
Source of classification or shelving scheme
Item type Books
Holdings
Withdrawn status Lost status Source of classification or shelving scheme Damaged status Not for loan Collection code Permanent location Current location Date acquired Total Checkouts Full call number Barcode Date last seen Price effective from Koha item type
          Koleksioni i përgjithshem UBT - Lipjan UBT - Lipjan 03/18/2024   101BEN 002-800070620 03/18/2024 03/18/2024 Books
UBT Library © 2015-2024. All rights reserved University Education for Business and Technology